000 00425nam a22001817a 4500
003 MPLRDC
005 20220104123758.0
008 210129b ||||| |||| 00| 0 eng d
020 _a962-07-3004-6
082 _a414.8 SHZY-2
100 _a上海中医学院编著
245 _a方剂学
_c
250 _a重印
260 _a
_b商务印书馆
_c1981
300 _b
650 _a医话
942 _cBK
_o414.8 SHZY-2
999 _c14124
_d14114